[Event "Samedi 2013.10.12"]
[Site "Sainte-Foy CAN"]
[Date "2013.10.12"]
[Round "1"]
[White "Poliquin, Yvon"]
[Black "Sarra-Bournet, Marc"]
[Result "1-0"]
[WhiteElo "2029"]
[BlackElo "1795"]
[PlyCount "127"]
[GameId "2160767909225075"]
[EventDate "2013.10.12"]
[EventType "swiss"]
[EventRounds "5"]
[EventCountry "CAN"]

1. c4 e5 2. g3 Nf6 3. Nc3 Bc5 4. Bg2 O-O 5. d3 d6 6. Nf3 c6 7. O-O h6 8. a3 a5 9. Bd2 Be6 10. Rb1 Na6 11. b3 Bxa3 12. Ne1 d5 13. Nc2 Bc5 14. Na4 Bd6 15. Qe1 Nc5 16. Nxc5 Bxc5 17. Ra1 b6 18. Bc3 Bd6 19. d4 exd4 20. Nxd4 Bd7 21. Qb1 Be5 22. Nxc6 Bxc6 23. Bxe5 Ng4 24. Bb2 Re8 25. cxd5 Bb7 26. Qf5 Bc8 27. Qd3 Ba6 28. Qd4 Nf6 29. e4 Bxf1 30. Rxf1 Ra7 31. e5 Nh7 32. e6 fxe6 33. d6 Nf6 34. Bc6 Rf8 35. Qe5 Qc8 36. Rc1 Raf7 37. Bb5 Qd8 38. Qxe6 Kh8 39. f4 Nd7 40. Qxh6+ Kg8 41. Qg6 Nf6 42. Rd1 Qc8 43. Bc4 Qc5+ 44. Kg2 Qc6+ 45. Kh3 Qd7+ 46. f5 Kh8 47. Rd4 Nh7 48. Rg4 Rf6 49. Qh5 Qxd6 50. Rg6 Qd2 51. Bxf6 gxf6 52. Rh6 Qd7 53. Be6 Qb7 54. Rg6 Qe7 55. Qh6 Rd8 56. Qh5 Re8 57. Kg2 Rd8 58. Qg4 Ng5 59. h4 Rd2+ 60. Kf1 Nxe6 61. fxe6 Qh7 62. e7 Qxe7 63. Rg8+ Kh7 64. Qg6# 1-0

[Event "Samedi 2013.10.12"]
[Site "Sainte-Foy CAN"]
[Date "2013.10.19"]
[Round "2"]
[White "Gaudreau, Eric"]
[Black "Sauve, Richard"]
[Result "1-0"]
[WhiteElo "1828"]
[BlackElo "1939"]
[PlyCount "57"]
[GameId "2160767909225076"]
[EventDate "2013.10.12"]
[EventType "swiss"]
[EventRounds "5"]
[EventCountry "CAN"]

1. d4 e6 2. c4 d5 3. Nc3 c6 4. e4 dxe4 5. Nxe4 Bb4+ 6. Bd2 Qxd4 7. Bxb4 Qxe4+ 8. Be2 c5 9. Bxc5 Qxg2 10. Qd6 Nd7 11. Bf3 Qg5 12. Bd4 Ne7 13. h4 Qh6 14. Be4 a5 15. Nf3 Ra6 16. Qg3 f6 17. h5 g5 18. O-O-O O-O 19. Be3 Nf5 20. Bxf5 exf5 21. Rd5 Nb6 22. Rd6 Nxc4 23. Rxa6 bxa6 24. Bxg5 fxg5 25. Nxg5 f4 26. Qh2 Kh8 27. Rg1 Rf5 28. Qg2 Rf8 29. Nf7+ 1-0

[Event "Samedi 2013.10.12"]
[Site "Sainte-Foy CAN"]
[Date "2013.10.26"]
[Round "3"]
[White "Poliquin, Yvon"]
[Black "Gaudreau, Eric"]
[Result "1/2-1/2"]
[WhiteElo "2029"]
[BlackElo "1828"]
[PlyCount "99"]
[GameId "2160767909225077"]
[EventDate "2013.10.12"]
[EventType "swiss"]
[EventRounds "5"]
[EventCountry "CAN"]

1. e4 e5 2. Bc4 Nf6 3. Nc3 Nc6 4. d3 Na5 5. Nf3 d6 6. h3 Be7 7. Qe2 Nxc4 8. dxc4 Be6 9. Bd2 Qd7 10. Rd1 Qc6 11. b3 a5 12. a4 b6 13. Bg5 h6 14. Bxf6 Bxf6 15. Nh2 h5 16. Nf1 Bg5 17. h4 Bh6 18. Ne3 Bxe3 19. Qxe3 O-O-O 20. Qe2 Kb7 21. Kd2 Rdf8 22. f3 f5 23. Rdf1 Qc5 24. Kc1 g6 25. Kb2 Rf7 26. Qd3 Rhf8 27. Ka2 Qc6 28. Kb2 Qc5 29. Rd1 Qc6 30. Qe3 Rf6 31. Rd2 f4 32. Qd3 Qc5 33. Na2 Ra8 34. Nc1 Rf7 35. Qc3 Rd7 36. Nd3 Qc6 37. Rhd1 Rad8 38. Ka2 Ra8 39. Kb2 Rad8 40. Re2 Rf8 41. Qe1 Rdf7 42. Red2 Rg7 43. Rf2 g5 44. hxg5 Rxg5 45. Qh1 Rfg8 46. Rdd2 Qe8 47. Nc1 Ka7 48. Na2 Qc6 49. Nc1 Qe8 50. Na2 1/2-1/2

[Event "Samedi 2013.10.12"]
[Site "Sainte-Foy CAN"]
[Date "2013.11.02"]
[Round "4"]
[White "Bahadi, Khalid"]
[Black "Gaudreau, Eric"]
[Result "0-1"]
[WhiteElo "1959"]
[BlackElo "1828"]
[PlyCount "44"]
[GameId "2160767909225078"]
[EventDate "2013.10.12"]
[EventType "swiss"]
[EventRounds "5"]
[EventCountry "CAN"]

1. c4 c5 2. Nc3 Nc6 3. Nf3 Nf6 4. d3 d5 5. Bg5 d4 6. Bxf6 exf6 7. Nd5 Be6 8. Qb3 Qd7 9. e4 dxe3 10. fxe3 Bd6 11. O-O-O O-O 12. h4 Bxd5 13. cxd5 Na5 14. Qc3 Qa4 15. a3 b5 16. h5 b4 17. Qc2 Nb3+ 18. Kb1 bxa3 19. bxa3 Rab8 20. Ka2 c4 21. Qb2 c3 22. Rh4 Qa5 0-1

[Event "Samedi 2013.10.12"]
[Site "Sainte-Foy CAN"]
[Date "2013.11.09"]
[Round "5"]
[White "Poliquin, Yvon"]
[Black "Biakolo, Lima"]
[Result "1-0"]
[WhiteElo "2029"]
[BlackElo "1739"]
[PlyCount "47"]
[GameId "2160767909225079"]
[EventDate "2013.10.12"]
[EventType "swiss"]
[EventRounds "5"]
[EventCountry "CAN"]

1. e4 c5 2. Nf3 d6 3. d4 cxd4 4. Nxd4 Nf6 5. Nc3 a6 6. Bg5 e6 7. Qf3 Be7 8. O-O-O Nbd7 9. Be2 Qc7 10. Qg3 b5 11. Bxb5 axb5 12. Ndxb5 Qc6 13. Nxd6+ Bxd6 14. Rxd6 Qc5 15. Bxf6 Nxf6 16. e5 Nd7 17. f4 O-O 18. Rhd1 Nb6 19. Ne4 Qb4 20. Nf6+ Kh8 21. a3 Qb5 22. Nh5 Rg8 23. Rd8 Bb7 24. Qxg7# 1-0

[Event "Samedi 2013.11.16"]
[Site "Sainte-Foy CAN"]
[Date "2013.11.16"]
[Round "1"]
[White "Ferrando, Carlos"]
[Black "Cummins, Paul"]
[Result "0-1"]
[WhiteElo "1328"]
[BlackElo "1828"]
[PlyCount "102"]
[GameId "2160767909216425"]
[EventDate "2013.11.16"]
[EventType "swiss"]
[EventRounds "5"]
[EventCountry "CAN"]

1. d4 Nf6 2. Bf4 d6 3. e3 g6 4. c3 Bg7 5. Nf3 O-O 6. Be2 Nbd7 7. Bg3 Nh5 8. Qb3 Nxg3 9. hxg3 c5 10. Ng5 h6 11. Nf3 Nf6 12. Nh4 Be6 13. Bc4 d5 14. Be2 Ne4 15. Nf3 Qc7 16. dxc5 Nxc5 17. Qc2 Bf5 18. Qd2 Rad8 19. Nd4 Ne4 20. Qd1 Bc8 21. Bf3 e5 22. Nb3 Be6 23. N1d2 Nf6 24. Nb1 a5 25. N3d2 d4 26. e4 d3 27. Nf1 Qb6 28. Qc1 Ng4 29. Bxg4 Bxg4 30. f3 Be6 31. Nbd2 h5 32. c4 Rd4 33. b3 Rc8 34. Ne3 Bh6 35. Nef1 Kg7 36. Qd1 Qd8 37. Kf2 Qg5 38. Qe1 Qe7 39. Qc1 Qc5 40. Ke1 b5 41. Kd1 bxc4 42. bxc4 Bxc4 43. Ke1 Qe7 44. Kf2 Ba6 45. Qe1 Rc2 46. Ne3 Qa7 47. Qd1 Rxe4 48. fxe4 Qxe3+ 49. Kf1 Rxd2 50. Qf3 Rd1+ 51. Qxd1 d2+ 0-1

[Event "Samedi 2013.11.16"]
[Site "Sainte-Foy CAN"]
[Date "2013.11.23"]
[Round "2"]
[White "Cournoyer, Dominic"]
[Black "Sauve, Richard"]
[Result "1-0"]
[WhiteElo "2000"]
[BlackElo "1913"]
[PlyCount "37"]
[GameId "2160767909216426"]
[EventDate "2013.11.16"]
[EventType "swiss"]
[EventRounds "5"]
[EventCountry "CAN"]

1. c4 e6 2. Nc3 d5 3. cxd5 exd5 4. d4 Be7 5. Nf3 Nf6 6. Bf4 O-O 7. h3 Nc6 8. e3 a6 9. Bd3 Be6 10. O-O Re8 11. Rc1 Bf8 12. Ne2 Rc8 13. Qb3 Na5 14. Qc3 c6 15. Ng5 Qb6 16. Be5 h6 17. Bxf6 gxf6 18. Nxe6 Rxe6 19. Bf5 1-0

[Event "Samedi 2013.11.16"]
[Site "Sainte-Foy CAN"]
[Date "2013.12.07"]
[Round "4"]
[White "Cournoyer, Dominic"]
[Black "Cummins, Paul"]
[Result "1-0"]
[WhiteElo "2000"]
[BlackElo "1828"]
[PlyCount "69"]
[GameId "2160767909216427"]
[EventDate "2013.11.16"]
[EventType "swiss"]
[EventRounds "5"]
[EventCountry "CAN"]

1. c4 c5 2. Nf3 Nc6 3. d4 cxd4 4. Nxd4 Nf6 5. g3 e6 6. Bg2 a6 7. O-O Qb6 8. Nb3 Be7 9. Be3 Qc7 10. h3 Ne5 11. N1d2 Ng6 12. Rc1 O-O 13. c5 Nd5 14. Bd4 a5 15. Nc4 Nb4 16. Nb6 Ra6 17. a3 Nc6 18. Be3 d6 19. cxd6 Bxd6 20. Nc4 Be7 21. Nc5 Bxc5 22. Bxc5 Rd8 23. Qc2 Nd4 24. Bxd4 Rxd4 25. Nxa5 Qxa5 26. Qxc8+ Rd8 27. Qxb7 Ra7 28. Qb3 Rad7 29. Rfd1 Rxd1+ 30. Rxd1 Rxd1+ 31. Qxd1 Qb6 32. Qc2 h6 33. Be4 Ne7 34. Qa4 Qd8 35. Qa8 1-0

[Event "Samedi 2013.11.16"]
[Site "Sainte-Foy CAN"]
[Date "2013.12.07"]
[Round "4"]
[White "Doyon, Stephane"]
[Black "Laflamme, Simon"]
[Result "1-0"]
[WhiteElo "1713"]
[BlackElo "1932"]
[PlyCount "61"]
[GameId "2160767909216428"]
[EventDate "2013.11.16"]
[EventType "swiss"]
[EventRounds "5"]
[EventCountry "CAN"]

1. e4 e6 2. d3 d5 3. Nd2 c5 4. Ngf3 Nc6 5. g3 Nf6 6. Bg2 Be7 7. O-O Qc7 8. Re1 dxe4 9. dxe4 e5 10. Nf1 Bg4 11. c3 O-O 12. Ne3 Rfd8 13. Nd5 Nxd5 14. exd5 Qd6 15. Qc2 Qxd5 16. Nxe5 Qe6 17. Bf4 Nxe5 18. Rxe5 Qd7 19. Rd5 Qb5 20. c4 Qb6 21. Be4 h6 22. Qc3 Bf6 23. Be5 Bxe5 24. Rxe5 Be6 25. Re1 Qc7 26. Bd5 Bxd5 27. cxd5 Qd6 28. Qb3 Rab8 29. Re7 Qxd5 30. Re8+ Kh7 31. Qxd5 1-0

[Event "Samedi 2013.11.16"]
[Site "Sainte-Foy CAN"]
[Date "2013.12.07"]
[Round "4"]
[White "Sarra-Bournet, Marc"]
[Black "Sauve, Richard"]
[Result "0-1"]
[WhiteElo "1780"]
[BlackElo "1913"]
[PlyCount "60"]
[GameId "2160767909216429"]
[EventDate "2013.11.16"]
[EventType "swiss"]
[EventRounds "5"]
[EventCountry "CAN"]

1. e4 Nf6 2. e5 Nd5 3. d4 d6 4. c4 Nb6 5. f4 dxe5 6. fxe5 Nc6 7. Be3 Bf5 8. Nc3 e6 9. Be2 Bb4 10. Rc1 Qh4+ 11. Bf2 Qe7 12. Nf3 O-O 13. O-O Na5 14. Nh4 c5 15. Nxf5 exf5 16. Nd5 Nxd5 17. cxd5 cxd4 18. Bxd4 Rac8 19. d6 Qe6 20. Qa4 Nc6 21. Rxc6 bxc6 22. Ba6 Rb8 23. Qxc6 Qxa2 24. Bc4 Qa5 25. Qd7 Bc5 26. Qxf5 Bxd4+ 27. Kh1 Qxe5 28. Bxf7+ Kh8 29. d7 Qxf5 30. Rxf5 Rbd8 0-1

[Event "Samedi 2013.11.16"]
[Site "Sainte-Foy CAN"]
[Date "2013.12.14"]
[Round "5"]
[White "Caron, Sebastien"]
[Black "Cournoyer, Dominic"]
[Result "1/2-1/2"]
[WhiteElo "1944"]
[BlackElo "2000"]
[PlyCount "140"]
[GameId "2160767909216430"]
[EventDate "2013.11.16"]
[EventType "swiss"]
[EventRounds "5"]
[EventCountry "CAN"]

1. e4 d5 2. Nc3 dxe4 3. Nxe4 e5 4. Bc4 g6 5. Nf3 Bg7 6. d3 h6 7. Qe2 Ne7 8. Be3 Nbc6 9. Bc5 O-O 10. h3 Na5 11. O-O-O c6 12. Nd6 b6 13. Bb4 Qc7 14. Nxe5 c5 15. Bxa5 Qxd6 16. Bc3 Nd5 17. Bxd5 Qxd5 18. Qe4 Bb7 19. Qxd5 Bxd5 20. Nf3 Bxc3 21. bxc3 Bxf3 22. gxf3 Rfe8 23. Rhe1 Kf8 24. Re3 Re6 25. Rde1 Rae8 26. Kd2 Ke7 27. d4 Kd6 28. Kd3 b5 29. c4 bxc4+ 30. Kxc4 cxd4 31. Rxe6+ fxe6 32. Kxd4 Rb8 33. Kc3 Rb5 34. Rd1+ Ke7 35. Rg1 Rf5 36. Rxg6 Rxf3+ 37. Kd4 Rxh3 38. Rg7+ Kd6 39. Rxa7 Rf3 40. Ra6+ Ke7 41. c4 Rxf2 42. Ra7+ Kd6 43. Ra6+ Kd7 44. Ra7+ Kd6 45. Ra6+ Kd7 46. a4 Rf5 47. Ra7+ Kc6 48. Ra6+ Kd7 49. Ra7+ Kc6 50. Ra6+ Kd7 51. a5 h5 52. Ra7+ Kc6 53. Ra6+ Kd7 54. Ra8 h4 55. a6 Kc7 56. Re8 Ra5 57. Rxe6 h3 58. Rh6 h2 59. c5 Rxa6 60. Rxh2 Ra1 61. Rh3 Rd1+ 62. Kc4 Rc1+ 63. Rc3 Rxc3+ 64. Kxc3 Kd7 65. Kc4 Kc6 66. Kb4 Kc7 67. Kb5 Kb7 68. c6+ Kc8 69. Kc5 Kc7 70. Kd5 Kc8 1/2-1/2

[Event "Samedi 2013.11.16"]
[Site "Sainte-Foy CAN"]
[Date "2013.12.14"]
[Round "5"]
[White "Cummins, Paul"]
[Black "Bahadi, Khalid"]
[Result "1-0"]
[WhiteElo "1828"]
[BlackElo "1943"]
[PlyCount "53"]
[GameId "2160767909216431"]
[EventDate "2013.11.16"]
[EventType "swiss"]
[EventRounds "5"]
[EventCountry "CAN"]

1. e4 e5 2. f4 d5 3. exd5 e4 4. d3 f5 5. dxe4 fxe4 6. Qh5+ Ke7 7. Nc3 Nf6 8. Qh4 Kf7 9. Bc4 Bd6 10. Nh3 h6 11. O-O a6 12. a4 g5 13. fxg5 hxg5 14. Qxe4 Kg7 15. Bxg5 Nxe4 16. Bxd8 Bxh3 17. Nxe4 Nd7 18. Nxd6 cxd6 19. Bg5 Bg4 20. Rae1 Rhe8 21. h3 Bh5 22. Re6 Rxe6 23. dxe6 Nb6 24. Bd3 Nxa4 25. e7 Nxb2 26. Rf8 Rxf8 27. Bh6+ 1-0

[Event "Samedi 2013.11.16"]
[Site "Sainte-Foy CAN"]
[Date "2013.12.14"]
[Round "5"]
[White "Gaudreau, Eric"]
[Black "Beaulieu, Steeve"]
[Result "1-0"]
[WhiteElo "1867"]
[BlackElo "1823"]
[PlyCount "145"]
[GameId "2160767909216432"]
[EventDate "2013.11.16"]
[EventType "swiss"]
[EventRounds "5"]
[EventCountry "CAN"]

1. d4 d5 2. Nf3 Nf6 3. e3 e6 4. Bd3 c5 5. b3 Be7 6. Bb2 O-O 7. Nbd2 Nbd7 8. O-O Re8 9. Ne5 Nf8 10. f4 Bd7 11. g4 Bc6 12. Qf3 Qa5 13. Rf2 cxd4 14. exd4 Ba3 15. Bxa3 Qxa3 16. g5 N6d7 17. Qh5 Nxe5 18. fxe5 Re7 19. Raf1 g6 20. Qh6 Qxa2 21. h4 Qa5 22. h5 Qc3 23. hxg6 Nxg6 24. Nf3 Rc7 25. Rh2 f5 26. gxf6 Be8 27. Kh1 Nf8 28. Rg1+ Bg6 29. Bxg6 Qxf3+ 30. Rgg2 Nxg6 31. Rh3 Qe4 32. Kh2 Kh8 33. Qxg6 Qxg6 34. Rxg6 Rxc2+ 35. Rg2 Rxg2+ 36. Kxg2 a5 37. Rc3 b5 38. Rc6 a4 39. bxa4 bxa4 40. Rxe6 Kg8 41. Rd6 a3 42. e6 a2 43. e7 a1=Q 44. Rd8+ Rxd8 45. exd8=Q+ Kf7 46. Qe7+ Kg6 47. Qg7+ Kh5 48. f7 Qb2+ 49. Kf3 Qa3+ 50. Kf4 Qc1+ 51. Ke5 Qe3+ 52. Kxd5 Qf3+ 53. Kd6 Qa3+ 54. Ke5 Qe3+ 55. Kf5 Qf3+ 56. Ke6 Qb3+ 57. Kd6 Qb4+ 58. Ke6 Qb3+ 59. d5 Qb6+ 60. d6 Qb3+ 61. Ke7 Qb7+ 62. d7 Qb4+ 63. Ke6 Qb3+ 64. Ke7 Qb4+ 65. Ke6 Qb3+ 66. Kf5 Qf3+ 67. Ke6 Qb3+ 68. Kd6 Qb6+ 69. Kd5 Qb3+ 70. Ke4 Qa4+ 71. Qd4 Qc2+ 72. Qd3 Qa4+ 73. Ke3 1-0

[Event "Samedi 2013.11.16"]
[Site "Sainte-Foy CAN"]
[Date "2013.12.14"]
[Round "5"]
[White "Laflamme, Simon"]
[Black "Robitaille, Denis"]
[Result "1-0"]
[WhiteElo "1932"]
[BlackElo "1780"]
[PlyCount "43"]
[GameId "2160767909216433"]
[EventDate "2013.11.16"]
[EventType "swiss"]
[EventRounds "5"]
[EventCountry "CAN"]

1. e4 g6 2. d4 Bg7 3. c4 d6 4. Nc3 Nc6 5. Be3 e5 6. Nge2 Nf6 7. d5 Ne7 8. f3 c6 9. Qd2 cxd5 10. cxd5 Bd7 11. Nc1 h5 12. Bb5 h4 13. Bxd7+ Qxd7 14. O-O Nh5 15. N1e2 f5 16. f4 b5 17. a3 a6 18. fxe5 Bxe5 19. Nf4 fxe4 20. Nxe4 Nf5 21. Nxg6 Nxe3 22. Qxe3 1-0

[Event "Scarborough CC Falling Leaves"]
[Site "Toronto CAN"]
[Date "2013.12.05"]
[Round "6"]
[White "Rutherdale, William"]
[Black "Al Ganabi, Haqi"]
[Result "0-1"]
[WhiteElo "1689"]
[BlackElo "1943"]
[PlyCount "108"]
[GameId "2160767909224895"]
[EventDate "2013.11.07"]
[EventType "swiss"]
[EventRounds "7"]
[EventCountry "CAN"]

1. d4 Nf6 2. Nf3 b6 3. Bf4 Bb7 4. e3 g6 5. Be2 Bg7 6. Nbd2 O-O 7. O-O d6 8. c3 Nbd7 9. h3 c5 10. Rc1 Rc8 11. Bc4 d5 12. Bd3 e6 13. Qe2 c4 14. Bc2 Re8 15. e4 Nh5 16. Bh2 Bh6 17. e5 f5 18. exf6 Ndxf6 19. Ne5 Nf4 20. Qe3 N6h5 21. g4 Qh4 22. Bg3 Nxh3+ 23. Kh2 Nxg3 24. fxg3 Bxe3 25. gxh4 Bxd2 26. Rcd1 Bf4+ 27. Kxh3 Bxe5 28. dxe5 Rf8 29. g5 b5 30. Rf6 Rxf6 31. gxf6 Bc6 32. Kg4 Be8 33. Kg5 a5 34. Rf1 b4 35. Kh6 b3 36. axb3 cxb3 37. Bb1 Rc4 38. Rh1 Rg4 39. Rh2 a4 40. h5 Rg1 41. Bd3 Rg3 42. Bb1 Bf7 43. hxg6 Bxg6 44. Bxg6 Rxg6+ 45. Kh5 Kf7 46. Re2 Rg1 47. Kh6 Rh1+ 48. Kg5 h6+ 49. Kg4 h5+ 50. Kf3 h4 51. Kg2 Rc1 52. Kf3 Rc2 53. Rf2 Rxf2+ 54. Kxf2 a3 0-1

[Event "Scarborough CC Falling Leaves U1400"]
[Site "Toronto CAN"]
[Date "2013.11.21"]
[Round "3"]
[White "Ghazarian, Tigran"]
[Black "Pishdad, Hassan"]
[Result "0-1"]
[WhiteElo "562"]
[BlackElo "1117"]
[PlyCount "94"]
[GameId "2160767909224897"]
[EventDate "2013.11.07"]
[EventType "swiss"]
[EventRounds "7"]
[EventCountry "CAN"]

1. e4 c5 2. Nf3 e6 3. d4 cxd4 4. Nxd4 Nc6 5. Nc3 Bb4 6. Be3 Nf6 7. Bd3 d5 8. Nxc6 Bxc3+ 9. bxc3 bxc6 10. e5 Nd7 11. f4 O-O 12. O-O Qa5 13. Qd2 c5 14. Qe1 c4 15. Be2 Nc5 16. Rf3 Bb7 17. Rg3 Ne4 18. Rh3 Qxc3 19. Qc1 Qa5 20. Bf3 f5 21. Bxe4 dxe4 22. Bd2 Qc7 23. Be3 Bd5 24. Qd1 Bc6 25. Qh5 g6 26. Qh6 Rf7 27. Bc5 Qa5 28. Bd6 Qb6+ 29. Kh1 Qb2 30. Re1 Qxc2 31. Bc5 Rc8 32. Qh4 e3 33. Qg3 e2 34. Qe3 Qxa2 35. Rxe2 Qa6 36. Qc3 Rd7 37. Bf2 Qb7 38. Rg3 Qb1+ 39. Re1 Qa2 40. Be3 Rcc7 41. Qc1 Rd3 42. Rd1 Rxd1+ 43. Qxd1 Bd5 44. Qc1 c3 45. Bd4 c2 46. h3 Qb1 47. Be3 Rc3 0-1

[Event "Scarborough CC Falling Leaves U1400"]
[Site "Toronto CAN"]
[Date "2013.11.28"]
[Round "4"]
[White "Pishdad, Hassan"]
[Black "Batistil, Isaac"]
[Result "1-0"]
[WhiteElo "1117"]
[BlackElo "744"]
[PlyCount "57"]
[GameId "2160767909224898"]
[EventDate "2013.11.07"]
[EventType "swiss"]
[EventRounds "7"]
[EventCountry "CAN"]

1. d4 d5 2. c4 Nf6 3. Nc3 c6 4. e4 dxe4 5. Nge2 e6 6. Ng3 c5 7. dxc5 Qxd1+ 8. Kxd1 Bxc5 9. Ngxe4 Nxe4 10. Nxe4 Bb6 11. Nd6+ Ke7 12. Nxc8+ Rxc8 13. f3 Nd7 14. b3 a5 15. Bb2 Kf8 16. Bd3 Kg8 17. Ke2 f6 18. Rhd1 Ne5 19. Be4 Rc7 20. Bxe5 fxe5 21. Rd6 Ra6 22. Rxe6 Bd4 23. Rxa6 bxa6 24. Bd5+ Kh8 25. Rd1 Re7 26. Rb1 Ra7 27. b4 axb4 28. Rxb4 a5 29. Rb8# 1-0

[Event "Scarborough CC Falling Leaves U1800"]
[Site "Toronto CAN"]
[Date "2013.12.05"]
[Round "5"]
[White "Armstrong, Robert J"]
[Black "Al Ganabi, Zaidun"]
[Result "0-1"]
[WhiteElo "1600"]
[BlackElo "1526"]
[PlyCount "44"]
[GameId "2160767909224899"]
[EventDate "2013.11.07"]
[EventType "swiss"]
[EventRounds "7"]
[EventCountry "CAN"]

1. g3 d5 2. Bg2 Nf6 3. c4 e6 4. Qb3 c6 5. d4 Be7 6. Nc3 O-O 7. cxd5 exd5 8. Nf3 Re8 9. Bf4 Bd6 10. O-O Bxf4 11. gxf4 Nbd7 12. Ne5 Nxe5 13. fxe5 Nh5 14. f4 Qh4 15. e3 Re6 16. f5 Rh6 17. Qc2 Qg5 18. Qf2 g6 19. fxg6 Rxg6 20. Rad1 Bh3 21. Rd2 Bxg2 22. Qxg2 Qxe3+ 0-1

[Event "Scarborough CC Howard Ridout"]
[Site "Toronto CAN"]
[Date "2013.09.12"]
[Round "1"]
[White "Zhao, Harry"]
[Black "Southam, David"]
[Result "0-1"]
[WhiteElo "1714"]
[BlackElo "2215"]
[PlyCount "62"]
[GameId "2160767909229474"]
[EventDate "2013.09.12"]
[EventType "swiss"]
[EventRounds "8"]
[EventCountry "CAN"]

1. d4 e6 2. Nf3 f5 3. g3 Nf6 4. Bg2 d5 5. O-O Bd6 6. c4 c6 7. Nc3 O-O 8. Bf4 Bxf4 9. gxf4 Bd7 10. Ne5 Be8 11. f3 Nbd7 12. Qd2 Nh5 13. e3 Nxe5 14. fxe5 dxc4 15. e4 Bg6 16. Rad1 Qh4 17. d5 cxd5 18. exd5 Nf4 19. d6 Rad8 20. Qd4 b5 21. Rfe1 Qg5 22. Rd2 a6 23. Qb6 Nh3+ 24. Kf1 Qxd2 25. Bxh3 Qxb2 26. Qe3 Qxh2 27. f4 Bh5 28. Bg2 g5 29. fxg5 Bg4 30. Kf2 f4 31. Qe4 Qg3+ 0-1

[Event "Scarborough CC Howard Ridout U1400"]
[Site "Toronto CAN"]
[Date "2013.10.03"]
[Round "4"]
[White "Chokshi, Devam"]
[Black "Pishdad, Hassan"]
[Result "0-1"]
[WhiteElo "986"]
[BlackElo "1156"]
[PlyCount "124"]
[GameId "2160767909229475"]
[EventDate "2013.09.12"]
[EventType "swiss"]
[EventRounds "8"]
[EventCountry "CAN"]

1. e4 c5 2. Nf3 e6 3. Nc3 d5 4. exd5 exd5 5. Bb5+ Nc6 6. O-O a6 7. Bxc6+ bxc6 8. Re1+ Be7 9. d4 cxd4 10. Nxd4 Bd7 11. Na4 Nf6 12. Nc5 O-O 13. Nxd7 Qxd7 14. g3 c5 15. Nf3 Ne4 16. Rxe4 Rad8 17. Re1 d4 18. Ne5 Qb7 19. Nc4 Bf6 20. Na5 Qb5 21. Nb3 c4 22. Nd2 d3 23. Ne4 Bd4 24. Be3 Qe5 25. Bxd4 Rxd4 26. Nc3 Qb8 27. Re4 Rxe4 28. Nxe4 Qe5 29. Nc3 Rd8 30. Qd2 Rd4 31. Re1 Qb8 32. Qe3 Rd8 33. Nd5 Kf8 34. Qe7+ Kg8 35. cxd3 cxd3 36. Qe4 d2 37. Rd1 Re8 38. Qd3 Re1+ 39. Kg2 Rxd1 40. Ne3 Qa8+ 41. f3 Rc1 42. Qxd2 Rc8 43. Nd5 Rd8 44. Ne7+ Kf8 45. Qe2 Re8 46. Qe4 Qxe4 47. fxe4 Rxe7 48. Kf3 f6 49. b4 Kf7 50. h3 Rc7 51. g4 g5 52. Ke3 Ke6 53. Kd4 h6 54. Kd3 Ke5 55. Ke3 Rc4 56. b5 axb5 57. Kd3 Rc5 58. Ke3 Rc3+ 59. Kd2 Kd4 60. e5 fxe5 61. Ke2 Rc2+ 62. Kf3 Rxa2 0-1

[Event "Scarborough CC Howard Ridout U1400"]
[Site "Toronto CAN"]
[Date "2013.10.10"]
[Round "5"]
[White "Pishdad, Hassan"]
[Black "Lu, Leo"]
[Result "1/2-1/2"]
[WhiteElo "1156"]
[BlackElo "938"]
[PlyCount "94"]
[GameId "2160767909229476"]
[EventDate "2013.09.12"]
[EventType "swiss"]
[EventRounds "8"]
[EventCountry "CAN"]

1. d4 d5 2. c4 dxc4 3. Nc3 Nf6 4. e4 Nc6 5. Be3 e6 6. Bxc4 Bb4 7. e5 Ne4 8. Nge2 O-O 9. O-O Qh4 10. Nxe4 Qxe4 11. Bd3 Qh4 12. a3 Be7 13. f4 f6 14. Bf2 Qh5 15. Bc4 fxe5 16. fxe5 Bd7 17. Qb3 Qh6 18. Be3 Qg6 19. Bd3 Qh5 20. Ng3 Qg4 21. Be2 Qg6 22. Bd3 Qg4 23. Bf5 Nxd4 24. Bxg4 Nxb3 25. Rxf8+ Rxf8 26. Rd1 Rd8 27. Bf3 Nc5 28. b4 Nb3 29. Bxb7 c6 30. Bxa7 Bc8 31. Rxd8+ Bxd8 32. Bxc8 Kf7 33. Bb8 Nd4 34. Bd6 Nb5 35. a4 Na7 36. Ba6 Ke8 37. Kf2 Kd7 38. Bd3 Nc8 39. Ke3 Ne7 40. Kd4 Nd5 41. Bc4 Nf4 42. Bf1 Nd5 43. Ne4 Ke8 44. g3 Ne7 45. g4 Nd5 46. a5 Nc7 47. a6 Kd7 1/2-1/2

[Event "Scarborough CC Howard Ridout U1400"]
[Site "Toronto CAN"]
[Date "2013.10.17"]
[Round "6"]
[White "Maurer, Hans"]
[Black "Pishdad, Hassan"]
[Result "0-1"]
[WhiteElo "847"]
[BlackElo "1159"]
[PlyCount "60"]
[GameId "2160767909229477"]
[EventDate "2013.09.12"]
[EventType "swiss"]
[EventRounds "8"]
[EventCountry "CAN"]

1. e4 c5 2. Nf3 e6 3. e5 d5 4. d4 cxd4 5. Nxd4 Nc6 6. Be3 Nxe5 7. Nc3 a6 8. a3 Nf6 9. h3 Bd6 10. f4 Nc6 11. Qd3 O-O 12. O-O-O Qc7 13. g3 b5 14. b4 Bb7 15. Bg2 Rac8 16. Nde2 Rfd8 17. f5 Ne5 18. Qd2 Nc4 19. Qd4 Nxa3 20. Qd3 Bxb4 21. Kd2 d4 22. Bxd4 Bxg2 23. Rh2 Bb7 24. Ke1 Be4 25. Qe3 Nxc2+ 26. Kf2 Nxe3 27. Kxe3 e5 28. Nxe4 exd4+ 29. Nxd4 Nxe4 30. Kf3 Qxg3+ 0-1

[Event "Scarborough CC Howard Ridout U1400"]
[Site "Toronto CAN"]
[Date "2013.10.24"]
[Round "7"]
[White "Pishdad, Hassan"]
[Black "Yang, Kai Wen"]
[Result "1/2-1/2"]
[WhiteElo "1119"]
[BlackElo "931"]
[PlyCount "115"]
[GameId "2160767909229478"]
[EventDate "2013.09.12"]
[EventType "swiss"]
[EventRounds "8"]
[EventCountry "CAN"]

1. d4 Nf6 2. c4 c5 3. e3 Nc6 4. d5 Ne5 5. Nc3 e6 6. f4 Ng6 7. Bd3 Nh4 8. Nf3 Nxg2+ 9. Kf2 Nxf4 10. exf4 Ng4+ 11. Kg3 Nf6 12. Re1 Nh5+ 13. Kg2 Be7 14. Ng5 Nxf4+ 15. Bxf4 Bxg5 16. Bd6 Qb6 17. Nb5 Bd8 18. a4 Qa5 19. Be5 O-O 20. Qc2 f5 21. Bc3 Qa6 22. d6 Qc6+ 23. Kg1 a6 24. Nc7 Bxc7 25. dxc7 Qxc7 26. Qg2 Rf7 27. Be5 d6 28. Bc3 Bd7 29. Re3 Bc6 30. Qh3 Qd7 31. Kf2 Re8 32. a5 d5 33. Re5 d4 34. Bd2 Qe7 35. Rg1 Be4 36. Ke2 Bxd3+ 37. Kxd3 Rc8 38. Rge1 Rc6 39. Qg3 Qf6 40. b4 cxb4 41. Bxb4 Rfc7 42. c5 Rd7 43. Rc1 f4 44. Qg5 Qxg5 45. Rxg5 Kf7 46. Rcg1 Kf6 47. Ke4 d3 48. Bc3+ Ke7 49. Rxg7+ Kd8 50. Rg8+ Kc7 51. Be5+ Rcd6 52. Bxd6+ Rxd6 53. cxd6+ Kxd6 54. Kxd3 Kc5 55. R1g5+ Kd6 56. Kd4 Kd7 57. Re5 b5 58. axb6 1/2-1/2

[Event "Scarborough CC Howard Ridout U1400"]
[Site "Toronto CAN"]
[Date "2013.10.31"]
[Round "8"]
[White "Pishdad, Hassan"]
[Black "Qiao, Cindy"]
[Result "1-0"]
[WhiteElo "1119"]
[BlackElo "1058"]
[PlyCount "125"]
[GameId "2160767909229479"]
[EventDate "2013.09.12"]
[EventType "swiss"]
[EventRounds "8"]
[EventCountry "CAN"]

1. d4 Nf6 2. c4 d5 3. Nc3 e6 4. Bf4 b6 5. cxd5 exd5 6. e3 Bb4 7. a3 Be7 8. Bd3 Be6 9. Nf3 O-O 10. e4 dxe4 11. Bxe4 Nxe4 12. Nxe4 Nc6 13. O-O Qd5 14. Nc3 Qh5 15. Bxc7 Rac8 16. Bg3 Bg4 17. Qd3 Bxf3 18. gxf3 Qg6 19. Qxg6 fxg6 20. d5 Nd4 21. f4 Bd6 22. Rad1 Nb3 23. Ne4 Bxf4 24. d6 Rcd8 25. Rd3 Nc1 26. Rdd1 Ne2+ 27. Kg2 g5 28. Rfe1 Nxg3 29. fxg3 Be5 30. Nxg5 Rxd6 31. Rxd6 Bxd6 32. Re2 h6 33. Nf3 Rf6 34. b4 a6 35. Re3 g6 36. Rc3 Be7 37. Rd3 Kf8 38. Rc3 Kg8 39. Rc8+ Bf8 40. Ne5 Rd6 41. Rc4 Bg7 42. Nf3 Kf7 43. a4 Ke6 44. Re4+ Kf5 45. Rf4+ Ke6 46. Rc4 Kd5 47. Rc2 Ke4 48. Kf2 Kd3 49. Rd2+ Kc4 50. Rxd6 Kxb4 51. Rxg6 Bc3 52. Rg4+ Kb3 53. h4 Kc2 54. Ne1+ Bxe1+ 55. Kxe1 Kc3 56. Rf4 Kd3 57. h5 Ke3 58. Rf6 b5 59. axb5 axb5 60. Rxh6 b4 61. Rb6 Kf3 62. Rxb4 Kxg3 63. h6 1-0